Uľaví sa mladým rodinám?

Bibliographic Details
Main Authors: Sopira, Boris, 1950- (Author), Staroňová, G. (Author)
Format: Article
Language:Slovak
Subjects:

MARC

LEADER 00000nab a2200000 a 4500
001 vtls000488234
003 SK-MaSNL
005 20260304175022.0
008 120927c1993 xo 0 slo
015 |a SNBRB19rr/mm-uuuuu 
035 |a CL0488371 
040 |a SNKBUCL  |b slo  |c SNKBUCL  |e AACR2 
041 0 |a slo 
044 |a xo  |c SK 
080 |a 362.17  |2 1981 
100 1 |a Sopira, Boris,  |d 1950-  |4 aut  |9 22383 
245 1 0 |a Uľaví sa mladým rodinám?  |c Boris Sopira, G. Staroňová 
650 0 7 |a sociálna starostlivosť  |2 snkbucl  |9 3737 
650 0 7 |a rodinná politika  |2 snkbucl  |9 3722 
655 7 |a články z novín a časopisov  |2 snkbucl  |9 267496 
700 1 |a Staroňová, G.  |4 aut  |9 987023 
773 0 |t Národné poistenie  |g Roč. 25, č. 6 (1993), s. 1-2 
850 |a Slovenská národná knižnica v Martine  |a MTA001 
852 |a SNK  |b KIS3GCP 
958 |a RK 
992 |a RBX 
999 |c 3011650  |d 3013580